[Event "Oberliga Nord O 1415"]
[Site "Germany"]
[Date "2015.02.22"]
[Round "7.6"]
[White "Kretzschmann, Jens"]
[Black "Piersig, Hans Juergen"]
[Result "1/2-1/2"]
[WhiteElo "2193"]
[BlackElo "2144"]
[PlyCount "48"]
[EventDate "2014.09.21"]
[EventType "team-tourn"]
[EventRounds "9"]
[EventCountry "GER"]
[SourceTitle "EXT 2016"]
[Source "ChessBase"]
[SourceDate "2015.10.08"]
[SourceVersion "1"]
[SourceVersionDate "2015.10.08"]
[SourceQuality "1"]
[WhiteTeam "Berlin SF III"]
[BlackTeam "Potsdam Empor"]
[WhiteTeamCountry "GER"]
[BlackTeamCountry "GER"]

1. Nf3 Nf6 2. g3 g6 3. Bg2 Bg7 4. 0-0 0-0 5. c4 d6 6. d4 Nbd7 7. Nc3 e5 8. Qc2 c6 9. Rd1 Qe7 10. b3 Re8 11. e3 exd4 12. exd4 Nf8 13. Ba3 Bf5 14. Qd2 Ne4 15. Nxe4 Bxe4 16. Nh4 Bxg2 17. Kxg2 Qd7 18. Nf3 d5 19. Ne5 Qe6 20. Qb4 f6 21. Nf3 Qd7 22. Re1 Ne6 23. Rad1 a5 24. Qd2 a4 1/2-1/2

[Event "Oberliga Nord O 1314"]
[Site "Germany"]
[Date "2013.11.20"]
[Round "3.5"]
[White "Wiedersich, Jens"]
[Black "Kretzschmann, Jens"]
[Result "1/2-1/2"]
[WhiteElo "2118"]
[BlackElo "2192"]
[PlyCount "73"]
[EventDate "2013.10.13"]
[EventType "team-tourn"]
[EventRounds "9"]
[EventCountry "GER"]
[SourceTitle "EXT 2015"]
[Source "ChessBase"]
[SourceDate "2014.11.20"]
[SourceVersion "1"]
[SourceVersionDate "2014.11.20"]
[SourceQuality "1"]
[WhiteTeam "Oberschoeneweide"]
[BlackTeam "Berlin SF III"]
[WhiteTeamCountry "GER"]
[BlackTeamCountry "GER"]

1. d4 Nf6 2. c4 g6 3. g3 Bg7 4. Bg2 0-0 5. Nf3 d6 6. 0-0 Nbd7 7. Nc3 e5 8. dxe5 dxe5 9. h3 c6 10. Qc2 Re8 11. Be3 Qe7 12. a3 Nf8 13. Rfd1 Bf5 14. Qc1 Ne4 15. Nxe4 Bxe4 16. Bg5 Qe6 17. Kh2 Bxf3 18. Bxf3 e4 19. Bg2 Qe5 20. Rb1 Ne6 21. Be3 Re7 22. Qd2 f5 23. Qd6 Qxd6 24. Rxd6 Be5 25. Rdd1 g5 26. b4 h5 27. Kh1 Rf7 28. Bc1 f4 29. Bb2 Bc7 30. Bxe4 fxg3 31. fxg3 Bxg3 32. Bg6 Rf2 33. Bxh5 Nf4 34. Bg4 Rh2+ 35. Kg1 Rg2+ 36. Kh1 Rh2+ 37. Kg1 1/2-1/2

[Event "Oberliga Nord O 1213"]
[Site "Germany"]
[Date "2013.03.17"]
[Round "8.4"]
[White "Kretzschmann, Jens"]
[Black "Janaszak, Dawid"]
[Result "1/2-1/2"]
[WhiteElo "2199"]
[BlackElo "2389"]
[PlyCount "33"]
[EventDate "2012.10.17"]
[EventType "team-tourn"]
[EventRounds "9"]
[EventCountry "GER"]
[SourceTitle "EXT 2015"]
[Source "ChessBase"]
[SourceDate "2014.11.20"]
[SourceVersion "1"]
[SourceVersionDate "2014.11.20"]
[SourceQuality "1"]
[WhiteTeam "Cottbus Lokomotive"]
[BlackTeam "Ruedersdorf"]
[WhiteTeamCountry "GER"]
[BlackTeamCountry "GER"]

1. e4 d6 2. f4 g6 3. Nf3 Bg7 4. Bc4 c6 5. Bb3 Nf6 6. Nc3 0-0 7. 0-0 e5 8. d3 Nbd7 9. fxe5 dxe5 10. Kh1 Qe7 11. a4 Nc5 12. Bc4 Bg4 13. Qe1 Nfd7 14. Bg5 Bf6 15. Bh6 Bg7 16. Bg5 Bf6 17. Bh6 1/2-1/2

[Event "Oberliga Nord O 1213"]
[Site "Germany"]
[Date "2012.11.26"]
[Round "3.4"]
[White "Schulz, Michael"]
[Black "Kretzschmann, Jens"]
[Result "1/2-1/2"]
[WhiteElo "2242"]
[BlackElo "2199"]
[PlyCount "50"]
[EventDate "2012.10.17"]
[EventType "team-tourn"]
[EventRounds "9"]
[EventCountry "GER"]
[SourceTitle "EXT 2015"]
[Source "ChessBase"]
[SourceDate "2014.11.20"]
[SourceVersion "1"]
[SourceVersionDate "2014.11.20"]
[SourceQuality "1"]
[WhiteTeam "Potsdam Empor"]
[BlackTeam "Cottbus Lokomotive"]
[WhiteTeamCountry "GER"]
[BlackTeamCountry "GER"]

1. d4 Nf6 2. Bg5 e6 3. Nd2 h6 4. Bh4 d5 5. e3 c5 6. c3 Nc6 7. Ngf3 Be7 8. Bd3 a5 9. 0-0 0-0 10. Qe2 Nd7 11. Bxe7 Qxe7 12. e4 dxe4 13. Nxe4 cxd4 14. Nxd4 Nxd4 15. cxd4 Nf6 16. Nxf6+ Qxf6 17. Rfd1 Rd8 18. Qe3 Bd7 19. Be4 Bc6 20. Bxc6 bxc6 21. Rac1 Rab8 22. b3 Rb4 23. Rxc6 Rbxd4 24. Rxd4 Rxd4 25. h3 Rd5 1/2-1/2

[Event "Oberliga Ost-A 0506"]
[Site "Germany"]
[Date "2006.01.29"]
[Round "7.2"]
[White "Limpert, Michael"]
[Black "Kretzschmann, Jens"]
[Result "0-1"]
[WhiteElo "2190"]
[BlackElo "2200"]
[PlyCount "90"]
[EventDate "2005.11.13"]
[EventType "team-tourn"]
[EventRounds "11"]
[EventCountry "GER"]
[SourceTitle "EXT 2007"]
[Source "ChessBase"]
[SourceDate "2006.11.23"]
[SourceVersion "1"]
[SourceVersionDate "2006.11.23"]
[SourceQuality "1"]
[WhiteTeam "Leipzig Lok Mitte II"]
[BlackTeam "Halle USV II"]
[WhiteTeamCountry "GER"]
[BlackTeamCountry "GER"]

1. e4 e6 2. d4 d5 3. Nc3 Nf6 4. Bg5 Bb4 5. exd5 Qxd5 6. Bxf6 gxf6 7. Nge2 Nc6 8. a3 Bxc3+ 9. Nxc3 Qg5 10. h4 Qh6 11. g3 Bd7 12. Bg2 0-0-0 13. 0-0 e5 14. d5 Nd4 15. Ne2 Bg4 16. Re1 Qh5 17. Kf1 c6 18. c4 cxd5 19. cxd5 Bxe2+ 20. Rxe2 Qxe2+ 21. Qxe2 Nxe2 22. Kxe2 Kd7 23. Be4 Kd6 24. Rd1 Rc8 25. Rd2 Rc4 26. Ke3 h6 27. Kf3 Rhc8 28. Re2 R8c5 29. Kg4 Rxd5 30. Kh5 Rdd4 31. f3 Rc8 32. Kxh6 Rg8 33. g4 Rh8+ 34. Bh7 f5 35. Kg7 Rxh7+ 36. Kxh7 fxg4 37. fxg4 Rxg4 38. h5 e4 39. h6 f5 40. Rd2+ Ke5 41. Rd8 e3 42. Rg8 Rh4 43. Kg6 f4 44. Kg5 Rxh6 45. Kg4 e2 0-1

[Event "Oberliga Ost-A 0506"]
[Site "Germany"]
[Date "2006.01.15"]
[Round "5.2"]
[White "Schuster, Martin"]
[Black "Kretzschmann, Jens"]
[Result "1/2-1/2"]
[WhiteElo "2222"]
[BlackElo "2200"]
[PlyCount "78"]
[EventDate "2005.11.13"]
[EventType "team-tourn"]
[EventRounds "11"]
[EventCountry "GER"]
[SourceTitle "EXT 2007"]
[Source "ChessBase"]
[SourceDate "2006.11.23"]
[SourceVersion "1"]
[SourceVersionDate "2006.11.23"]
[SourceQuality "1"]
[WhiteTeam "Loeberitz"]
[BlackTeam "Halle USV II"]
[WhiteTeamCountry "GER"]
[BlackTeamCountry "GER"]

1. e4 d6 2. d4 Nf6 3. Nc3 c6 4. f4 Qa5 5. Bd3 e5 6. Nf3 Nbd7 7. h3 Be7 8. Be3 0-0 9. 0-0 exd4 10. Nxd4 Nc5 11. Nb3 Nxb3 12. axb3 Qc7 13. Qf3 b5 14. b4 Be6 15. Qf2 a6 16. Rfe1 Rfe8 17. Bd4 c5 18. bxc5 dxc5 19. Bxf6 gxf6 20. Nd5 Bxd5 21. exd5 c4 22. Qg3+ Kh8 23. Bf5 Rg8 24. Qh4 Rg7 25. Kh1 Rd8 26. Rxa6 Rxd5 27. Ra8+ Rd8 28. Rxd8+ Qxd8 29. Qf2 Qc7 30. Qf3 Rg8 31. Qe4 Bd6 32. Bxh7 Rd8 33. Bf5 Bxf4 34. Qf3 Be5 35. Qh5+ Kg7 36. Qh7+ Kf8 37. Qh6+ Ke7 38. Qe3 Qd6 39. Bg4 Qd2 1/2-1/2

[Event "Oberliga Ost-A 0203"]
[Site "Germany"]
[Date "2003.03.09"]
[Round "9.7"]
[White "Held, Marco"]
[Black "Kretzschmann, Jens"]
[Result "1/2-1/2"]
[WhiteElo "2044"]
[BlackElo "2194"]
[PlyCount "22"]
[EventDate "2002.10.20"]
[EventType "team"]
[EventRounds "11"]
[EventCountry "GER"]
[SourceTitle "EXT 2004"]
[Source "ChessBase"]
[SourceDate "2003.11.25"]
[SourceVersion "1"]
[SourceVersionDate "2003.11.25"]
[SourceQuality "1"]
[WhiteTeam "Dresden SC II"]
[BlackTeam "Halle USV"]
[WhiteTeamCountry "GER"]
[BlackTeamCountry "GER"]

1. c4 Nf6 2. Nf3 g6 3. g3 Bg7 4. Bg2 0-0 5. 0-0 d6 6. d4 Nbd7 7. Nc3 e5 8. e4 c6 9. h3 Qb6 10. dxe5 Nxe5 11. Nxe5 dxe5 1/2-1/2

[Event "Oberliga Nord O 0001"]
[Site "Germany"]
[Date "2001.??.??"]
[Round "?"]
[White "Kretzschmann, Jens"]
[Black "Chatzidakis, Mihail"]
[Result "1-0"]
[WhiteElo "2200"]
[BlackElo "2200"]
[PlyCount "65"]
[EventDate "2000.10.??"]
[EventType "team"]
[EventRounds "9"]
[EventCountry "GER"]
[SourceTitle "EXT 2004"]
[Source "ChessBase"]
[SourceDate "2003.11.25"]
[SourceVersion "1"]
[SourceVersionDate "2003.11.25"]
[SourceQuality "1"]

1. Nf3 Nf6 2. g3 g6 3. Bg2 Bg7 4. d3 0-0 5. 0-0 c5 6. c3 Nc6 7. e4 d5 8. Nbd2 dxe4 9. dxe4 b6 10. Re1 Bb7 11. e5 Ne8 12. e6 f5 13. Qa4 Qc8 14. Nc4 Nd8 15. Bg5 Nf6 16. Rad1 Nxe6 17. Nce5 Be4 18. Bxf6 Bxf6 19. Nd7 Rd8 20. Qc4 Kf7 21. Nfe5+ Bxe5 22. Nxe5+ Kg7 23. Bxe4 Rxd1 24. Rxd1 fxe4 25. Qxe4 Ng5 26. Qe3 Qf5 27. f4 Ne4 28. g4 Qe6 29. Qxe4 Rf8 30. c4 b5 31. cxb5 Qxa2 32. Nd7 Qxb2 33. Nxf8 1-0